000 00696pam a2200253 a 4500
005 20260322212013.0
008 data
010 _a 89042529
020 _a0465019501 :
_c{dollar}24.95
020 _a9780465019502 :
_c{dollar}24.95
040 _aDLC
_cDLC
_dDLC
050 0 0 _aQB209
_b.A94 1989
082 0 0 _a529
_220
092 _a529 A94 1989
100 1 _aAveni, Anthony F.
245 1 0 _aEmpires of time :
_bcalendars, clocks, and cultures /
_cAnthony F. Aveni.
260 _aNew York :
_bBasic Books,
_cc1989.
300 _aix, 371 p. :
_bill. ;
_c24 cm.
500 _aIncludes index.
504 _aBibliography: p. 343-358.
650 0 _aTime.
650 0 _aArchaeoastronomy.
001 data
999 _c265
_d265